| 000 | 00646nam a2200241 i 4500 | ||
|---|---|---|---|
| 003 | DO-SdBNP | ||
| 005 | 20241007111431.0 | ||
| 007 | ta | ||
| 008 | 240407s2016 dr 000 p spa d | ||
| 020 | _a9789945492828 | ||
| 040 |
_aDO-SdBNP _bspa _cBNPHU _erda |
||
| 082 |
_bS587m _222 |
||
| 100 | _985194 | ||
| 245 | 1 | 3 |
_aMicrorrelatos de lo absurdo / _cLeo Silverio |
| 264 |
_aSanto Domingo : _bNacional, _c2016 |
||
| 300 |
_a49 páginas _c21 cm. |
||
| 336 |
_2rdacontent _atexto _btxt |
||
| 337 |
_2rdamedia _asin mediación _bn |
||
| 338 |
_2rdacarrier _avolumen _bnc |
||
| 590 | _aInventariado, 2024 / DG | ||
| 910 | _aDG | ||
| 942 |
_2ddc _cLF2 |
||
| 999 |
_c57769 _d57769 |
||